Applied mathematics Vol-II (Record no. 7995)

MARC details
000 -LEADER
fixed length control field 00304nam a2200121Ia 4500
008 - FIXED-LENGTH DATA ELEMENTS--GENERAL INFORMATION
fixed length control field 191201s2012 xx 000 0 und d
100 ## - MAIN ENTRY--PERSONAL NAME
Personal name SHARMA, RD
245 #0 - TITLE STATEMENT
Title Applied mathematics Vol-II
250 ## - EDITION STATEMENT
Edition statement Rep
260 ## - PUBLICATION, DISTRIBUTION, ETC. (IMPRINT)
Date of publication, distribution, etc 2012
Name of publisher, distributor, etc Dhanpat Rai Pubns (P) Ltd
Place of publication, distribution, etc NEW DELHI
300 ## - PHYSICAL DESCRIPTION
Extent mics.
942 ## - ADDED ENTRY ELEMENTS (KOHA)
Source of classification or shelving scheme Dewey Decimal Classification
Koha item type Text Books
942 ## - ADDED ENTRY ELEMENTS (KOHA)
-- 1
Holdings
Withdrawn status Lost status Source of classification or shelving scheme Damaged status Not for loan Collection code Home library Current library Date acquired Source of acquisition Cost, normal purchase price Serial Enumeration / chronologySerial Enumeration / Volume No. Bill Number Total Checkouts Full call number Acc. no. / Barcode Date last seen Bill Date Koha item type Checked out Date last borrowed
    Dewey Decimal Classification     Diploma in Mechanical PIET C-LIBRARY PIET C-LIBRARY 03/07/2012 IBH, New Delhi 330.00 II 4860   510 SHA DE13 04/12/2019 03/07/2012 Text Books    
    Dewey Decimal Classification     Diploma in Mechanical PIET C-LIBRARY PIET C-LIBRARY 03/07/2012 IBH, New Delhi 330.00 II 4860   510 SHA DE14 04/12/2019 03/07/2012 Text Books    
    Dewey Decimal Classification     Diploma in Mechanical PIET C-LIBRARY PIET C-LIBRARY 03/07/2012 IBH, New Delhi 330.00 II 4860 1   DE15 22/12/2022 03/07/2012 Text Books 05/01/2023 22/12/2022
    Dewey Decimal Classification     Diploma in Mechanical PIET C-LIBRARY PIET C-LIBRARY 03/07/2012 IBH, New Delhi 330.00 II 4860   510 SHA DE16 04/12/2019 03/07/2012 Text Books    
    Dewey Decimal Classification     Diploma in Mechanical PIET C-LIBRARY PIET C-LIBRARY 03/07/2012 IBH, New Delhi 330.00 II 4860 1 510 SHA DE17 01/04/2025 03/07/2012 Text Books   19/03/2025
    Dewey Decimal Classification     Diploma in Mechanical PIET C-LIBRARY PIET C-LIBRARY 03/07/2012 IBH, New Delhi 330.00 II 4860   510 SHA DE18 04/12/2019 03/07/2012 Text Books    

Design & Developed by: PIET Central Library
R70 Miles Stone Pattikalyana Samalkha Panipat 132102
mail ID :- [email protected], Phone No:- 0180-2569700 Ex.216